Cities of Countries #1 - Statistics

General Stats
  • This quiz has been taken 28 times
  • The average score is 16 of 20
Answer Stats
Hint Answer % Correct
Dortmund Germany
100%
Delhi India
100%
Tijuana Mexico
100%
Lagos Nigeria
100%
Bangalore India
96%
Sheffield United Kingdom
96%
Antwerp Belgium
92%
Lahore Pakistan
92%
Gothenburg Sweden
92%
Odessa Ukraine / United States
92%
Manaus Brazil
88%
The Hague Netherlands
88%
Paramaribo Suriname
88%
Sioux Falls United States
88%
Mosul Iraq
79%
Regina Canada
71%
Batman Turkey
58%
Harbin China
54%
Dalian China
54%
Tula Russia
21%
No matching quizzes found
Score Distribution
Percent of People with Each Score
Percentile by Number Answered
Your Score History
You have not taken this quiz